[Event "Lisbon op"]
[Site "Lisbon"]
[Date "2003.??.??"]
[Round "2"]
[White "Santa, Jose Fonte"]
[Black "Ferreira, Joao Guerreiro"]
[Result "1/2-1/2"]
[WhiteElo "1890"]
[BlackElo "1952"]
[PlyCount "51"]
[EventDate "2003.??.??"]
[EventType "swiss"]
[EventRounds "7"]
[EventCountry "POR"]
[SourceTitle "EXT 2008"]
[Source "ChessBase"]
[SourceDate "2007.11.25"]
[SourceVersion "1"]
[SourceVersionDate "2007.11.25"]
[SourceQuality "1"]

1. e4 c5 2. Nf3 Nc6 3. d4 cxd4 4. Nxd4 Nf6 5. Nc3 e5 6. Ndb5 d6 7. Nd5 Nxd5 8. exd5 Nb8 9. c4 a6 10. Nc3 Be7 11. Bd3 0-0 12. 0-0 f5 13. f3 Nd7 14. Be3 Bg5 15. Qd2 Bxe3+ 16. Qxe3 Nc5 17. Bc2 Qh4 18. b4 Nd7 19. Bb3 b6 20. a4 Rf6 21. Qf2 Rh6 22. Qxh4 Rxh4 23. g3 Rd4 24. Rfd1 Rxd1+ 25. Rxd1 Kf8 26. Kf2 1/2-1/2